Lego modular buildings - Statistics

General Stats
  • This quiz has been taken 11 times
    5 since last reset
  • The average score is 14 of 20
Answer Stats
year modular % Correct
2013 10232 - Palace Cinema
100%
2015 10246 - Detective's Office
100%
2018 10260 - Downtown Diner
100%
2019 10264 - Corner Garage
100%
2023 10312 - Jazz Club
100%
2014 10243 - Parisian Restaurant
80%
2016 10251 - Brick Bank
80%
2017 10255 - Assembly Square
80%
2020 10270 - Bookshop
80%
2021 10278 - Police Station
80%
2022 10297 - Boutique Hotel
80%
2024 10326 - Natural History Museum
80%
2007 10182 - Café Corner
60%
2008 10185 - Green Grocer
60%
2025 10350 - Tudor Corner
60%
2007 10190 - Market Street
40%
2011 10218 - Pet Shop
40%
2012 10224 - Town Hall
40%
2009 10197 - Fire Brigade
20%
2010 10211 - Grand Emporium
20%
No matching quizzes found
Score Distribution
Percent of People with Each Score
Percentile by Number Answered
Your Score History
You have not taken this quiz since the last reset